|
|
|
|
| LEADER |
01390nam a2200289 a 4500 |
| 001 |
GR-MES12942 |
| 008 |
070903s nyu b 000 0 gre d |
| 020 |
|
|
|a 0387487905
|q (HB)
|
| 020 |
|
|
|a 038748793X
|q (e-book)
|
| 040 |
|
|
|a GrPaTEI
|b gre
|c GR-PaULI
|
| 040 |
|
|
|a GrPaTEI
|b gre
|c GR-PaULI
|
| 082 |
|
0 |
|a 519.7
|2 21
|
| 100 |
1 |
|
|a Baker, Edward K.
|
| 245 |
1 |
0 |
|a Extending the horizons :
|b advances in computing, optimization, and decision technologies ; edited by Edward K. Baker...[et al.].
|
| 260 |
|
|
|a New York :
|b Springer,
|c c2007
|
| 300 |
|
|
|a vi
|a 266σ. :
|b εικ. ;
|c 25εκ.
|
| 490 |
0 |
|
|a Operations research/computer science interfaces. 37
|
| 504 |
|
|
|a Περιλαμβάνει βιβλιογραφικές παραπομπές.
|
| 650 |
|
0 |
|a Computer series
|x Mathematics
|v Congresses
|
| 650 |
|
0 |
|a Operations research
|v Congresses
|
| 650 |
|
4 |
|a ΕΠΙΧΕΙΡΗΣΙΑΚΗ ΕΡΕΥΝΑ
|
| 650 |
|
4 |
|a Ηλεκτρονικοί υπολογιστές
|x Προγραμματισμός
|
| 650 |
|
4 |
|a ΜΑΘΗΜΑΤΙΚΑ
|x ΗΛΕΚΤΡΟΝΙΚΟΙ ΥΠΟΛΟΓΙΣΤΕΣ
|x ΠΡΟΓΡΑΜΜΑΤΑ
|
| 942 |
|
|
|2 ddc
|
| 952 |
|
|
|0 0
|1 0
|2 ddc
|4 0
|6 519_700000000000000_EXT
|7 0
|9 271499
|a MSLG
|b MSLG
|c BSC
|d 2021-01-17
|e 24
|f 0
|g 0.00
|l 0
|o 519.7 EXT
|p 2420000022273
|r 2021-01-17 00:00:00
|t 1
|w 2021-01-17
|y BK15
|x 20070903 0 ΓΑΒΡΙΝΑ 1
|x GrPaTEI
|
| 971 |
|
|
|a .b25789892
|b 15-04-20
|c 13-09-16
|
| 999 |
|
|
|c 156838
|d 156838
|